000 00973nam a2200265Ia 4500
003 OSt
005 20220923211525.0
006 a|||||r|||| 00| 0
007 ta
008 220922b |||||||| |||| 00| 0 hin d
020 _a9789381272978 (hbk)
_c700
024 _a285,100
037 _b1136, 26/02/2015, Nayee Kitab
_cTextual
040 _aARTS
_cARTS
_bhin
041 _2hin
_ahin
082 _aO152,6N41x, Q3
100 _aत्यागी, दीपक प्रकाश, संपा.
_9160690
245 0 _aआलोचना की चुनौतियॉं
246 _aĀlochanā kī chunautiyaॉan
260 _aदिल्ली
_b नयी किताब
_c2013
300 _a392पृ.
_ccm.
650 _aहिन्दी साहित्य
_9156264
942 _hO152,6N41x, Q3
_cTEXL
_2CC
999 _c300411
_d300411